000 00440nam a2200181Ia 4500
001 25301
005 20260414151140.0
008 260414t2006||||xx |||||||||||||| ||spa||
041 _aESP
082 _a346.44
_bV63
100 _aVidal Ramírez, Fernando
_eAUT
245 0 _aPrescripción extintiva y caducidad
_b
260 _c2006
300 _a302 páginas :
_c24 cm.
650 _aDER
654 _aCDE
942 _cLIB
_dJUS
_fJUS
_2ddc
_n
999 _c25301
_d25301